| 000 | 00548nam a2200169 a 4500 | ||
|---|---|---|---|
| 001 | 000040747 | ||
| 005 | 20201002034341.0 | ||
| 008 | 130905s2011 sp 000 0 spa d | ||
| 020 | _a9788445419588 | ||
| 040 |
_aDO-SdBNP _bspa _cBNPHU |
||
| 110 | 1 |
_aEspaña. Ministerio de Economía y Hacienda _967154 |
|
| 245 | 0 | 0 | _aPlan general de contabilidad pública /. |
| 250 | _a7a. ed. | ||
| 260 |
_aMadrid : _bCentro de Estudios Financieros, _c[2011?]. |
||
| 300 |
_a487 p. ; _c28 cm. |
||
| 710 | 2 |
_aCentro de Estudios Financieros. Gabinete Técnico _967155 |
|
| 999 |
_c40237 _d40237 |
||